Meranie parametrov elektrických impulzov

Na minha lista:
Detalhes bibliográficos
Autor principal: Vilhan, Martin (Author)
Outros Autores: Šatka, Alexander (Thesis advisor)
Formato: Manuscrito Livro
Idioma:eslovaco
Publicado em: 2016
Assuntos:
Acesso em linha:http://is.stuba.sk/zp/portal_zp.pl?podrobnosti=114570
Tags: Adicionar Tag
Sem tags, seja o primeiro a adicionar uma tag!

MARC

LEADER 00000ntm a22000003a 4500
001 stuzp54660
003 SK-STU
005 20160719154621.9
007 ta
008 150427s2015----xo-----f-mn---000-0-slo-d
040 |a STU  |b slo 
041 0 |a slo 
044 |a xo 
100 1 |a Vilhan, Martin  |u 033000  |4 aut  |U FEI Fakulta elektrotechniky a informatiky  |T FEI Ústav elektroniky a fotoniky  |X 72668  |U E030  |Y 549  |7 72668 
242 0 1 |a Measuring Parameters of Electrical Impulses  |y eng 
245 1 0 |a Meranie parametrov elektrických impulzov 
260 |c 2016 
300 |a 43 s.,   |b CD-ROM 
650 4 |a elektrický pulz  |2 slo 
650 4 |a časovo rozlíšená reflektometria  |2 slo 
650 4 |a Osciloskop  |2 slo 
650 4 |a prostredie Labview  |2 slo 
650 4 |a koaxiálne káble  |2 slo 
650 4 |a oscilloscope  |2 eng 
650 4 |a LabVIEW  |2 eng 
650 4 |a electrical pulse  |2 eng 
650 4 |a time domain reflectometry  |2 eng 
650 4 |a coaxial cables  |2 eng 
700 1 |a Šatka, Alexander  |u 033000  |k Z1  |4 ths  |U FEI Fakulta elektrotechniky a informatiky  |T FEI Ústav elektroniky a fotoniky  |X 1865  |U E030  |Y 549  |7 A000001865 
856 4 |u http://is.stuba.sk/zp/portal_zp.pl?podrobnosti=114570 
996 |b 284ER01978  |c E*Bc- 1978  |l EE33  |s P  |a 0  |w stuzp54660_0001 
SQL |a stuzp54660  |b DBP  |c SLO  |d Meranie parametrov elektrických impulzov  |e 72668  |f Vilhan, Martin  |g 033000  |h 1865  |i Šatka, Alexander  |j 20160707  |k 75  |l 03  |m http://is.stuba.sk/zp/portal_zp.pl?podrobnosti=114570  |n B-ELN  |o 5.2.13. elektronika